الهجرة الداخلية فى مصر : (Record no. 59827)
[ view plain ]
| 000 -الفاتح | |
|---|---|
| حقل البيانات ثابتة الطول | 00966nam a22002297a 4500 |
| 005 - وقت وتاريخ اخر تعامل مع التسجيلة | |
| رقم الضبط | 20240530110338.0 |
| 008 - عناصر البيانات ثابتة الطول - معلومات عامة | |
| حقل البيانات ثابتة الطول | 141022s2010 le bdjegr 001 0dara d |
| 020 ## - الرقم الدولى المعيارى للكتب | |
| الرقم الدولى المعيارى للكتاب | 9789953823461 |
| 040 ## - مصدر الفهرسة | |
| وكالة الفهرسة الأصلية | EG-CaGPL |
| 082 04 - رقم تصنيف ديوى العشرى | |
| رقم الطبعة | 21 |
| رقم التصنيف | 307.2\ |
| رقم المادة | ق/م هـ |
| 100 0# - المدخل الرئيسى - إسم شخصى | |
| الإسم الشخصى | محمد احمد على حسانين |
| 245 12 - بيان العنوان | |
| العنوان | الهجرة الداخلية فى مصر : |
| بقية العنوان | دراسة فى الجغرافيا البشرية / |
| بيان المسئوليه,etc | محمد احمد على حسانين |
| 260 ## - PUBLICATION, DISTRIBUTION, ETC. (IMPRINT) | |
| تاريخ النشر أو التوزيع | 2010 |
| 300 ## - الوصف المادى | |
| التعداد | 510 ص : |
| تفاصيل ماديه اخرى للوعاء | ايض ؛ |
| أبعاد الوعاء | 24 سم |
| 490 ## - بيان السلسلة | |
| عنوان السلسلة | سلسلة اطروحات الدكتوراه ؛ |
| رقم المجلد/ التعيين التسلسلي | 88 |
| 650 04 - المدخل الاضافى بالموضوع-مصطلح موضوعى | |
| مصطلح موضوعي | الجغرافيا البشرية |
| 650 04 - المدخل الاضافى بالموضوع-مصطلح موضوعى | |
| مصطلح موضوعي | العمال المهاجرون |
| 651 04 - المدخل الاضافى بالموضوع - اسم جغرافى | |
| الاسم الجغرافي | مصر |
| التقسيم الفرعي العام | الهجرة الداخلية |
| 651 04 - المدخل الاضافى بالموضوع - اسم جغرافى | |
| الاسم الجغرافي | مصر |
| التقسيم الفرعي العام | الهجرة الداخلية |
| -- | مشاكل |
| 942 ## - عناصر المدخل الإضافي( كوها) | |
| مصدر التصنيف او مخطط الترفيف | Dewey Decimal Classification |
| Koha [default] item type | كتاب |
| 260 ## - PUBLICATION, DISTRIBUTION, ETC. (IMPRINT) | |
| -- | بيروت : |
| -- | مركز دراسات الوحدة العربية ، |
| حالة التراجع | حالة الفقد | حالة تلف | ليس للاعارة | المكان المؤقت | الموقع الحالى | تاريخ الاكتساب | اجمالي اﻻعارات | رقم الطلب | الباركود | تاريخ اخر مشاهدة | تاريخ تفعيل السعر | نوع وعاء كوها |
|---|---|---|---|---|---|---|---|---|---|---|---|---|
| مكتبة القاهرة الكبرى | مكتبة القاهرة الكبرى | 10/22/2014 | 307.2\ ق/م هـ | 158783 | 10/05/2022 | 10/22/2014 | كتاب |

